| 000 | 00639nam a22001817a 4500 | ||
|---|---|---|---|
| 999 |
_c371236 _d371236 |
||
| 008 | 201127b ||||| |||| 00| 0 eng d | ||
| 040 |
_aDE-2950 _bger _cDE-2950 _erda |
||
| 041 | _ager | ||
| 245 |
_aRudolf Haas zieht sich aus der Stadtpolitik zurück. / _nthg. |
||
| 264 | _c2021 | ||
| 653 | _aFrankfurt (Oder) | ||
| 653 | _aHaas, Rudolf. Kommunalpolitiker, Kreissprecher BVB/ Freie Wähler | ||
| 773 |
_dFrankfurt (Oder) Märkisches Verlags- und Druckhaus GmbH & Co KG _tMärkische Oderzeitung _g32. Jahrgang (2021) Nr. 293 vom 15.12.2021, S. 13 |
||
| 942 | _cA | ||